[Event "EWICC 2019"]
[Site "Antalya"]
[Date "2019.04.15"]
[Round "5.20"]
[White "Buksa, Nataliya"]
[Black "Worek, Joanna"]
[Result "1/2-1/2"]
[WhiteElo "2407"]
[BlackElo "2299"]
[Annotator "NA"]
[PlyCount "130"]
[EventDate "2019.04.11"]
[EventType "swiss"]
[EventCountry "TUR"]
[SourceTitle "playchess.com"]
[Source "ChessBase"]
[SourceQuality "1"]

1. e4 c5 2. Nf3 d6 3. d4 cxd4 4. Nxd4 Nf6 5. Nc3 a6 6. Be3 e5 7. Nf3 Be7 8. Bc4 O-O 9. O-O Be6 10. Bb3 b5 11. Qd3 Qc8 12. Rfd1 Nbd7 13. Qe2 h6 14. Nh4 Re8 15. Nf5 Bxf5 16. exf5 Nc5 17. Bd5 Rb8 18. Qf3 b4 19. Ne4 Ncxe4 20. Bxe4 Bf8 21. Rac1 Qc4 22. Bd5 Nxd5 23. Rxd5 Qxa2 24. b3 Rb5 25. f6 g6 26. h4 Qa5 27. Rxb5 Qxb5 28. Rd1 h5 29. Qe4 Qe2 30. Ra1 Rc8 31. Qb7 Qxc2 32. Rc1 Qxc1+ 33. Bxc1 Rxc1+ 34. Kh2 a5 35. Qd5 Rc5 36. Qe4 Rc1 37. f3 Rd1 38. Qe2 Rd4 39. Kh3 Rf4 40. Qd3 Rxf6 41. g3 Rf5 42. Kg2 e4 43. Qxe4 Rc5 44. g4 hxg4 45. fxg4 d5 46. Qd3 Bg7 47. h5 gxh5 48. gxh5 d4 49. h6 Bxh6 50. Qxd4 Bf8 51. Kf1 Rc3 52. Qd5 Rc5 53. Qd4 Rc1+ 54. Ke2 Rc2+ 55. Kd1 Rc6 56. Ke2 Re6+ 57. Kf1 Be7 58. Qd5 Bf6 59. Qxa5 Bc3 60. Kf2 Kg7 61. Kf3 Kg6 62. Qd5 Re5 63. Qd7 Re6 64. Kf4 Rf6+ 65. Ke4 Re6+ 1/2-1/2

[Event "EWICC 2019"]
[Site "Antalya"]
[Date "2019.04.15"]
[Round "5.21"]
[White "Arabidze, Meri"]
[Black "Maltsevskaya, Aleksandra"]
[Result "1-0"]
[WhiteElo "2399"]
[BlackElo "2296"]
[Annotator "NA"]
[PlyCount "81"]
[EventDate "2019.04.11"]
[EventType "swiss"]
[EventCountry "TUR"]
[SourceTitle "playchess.com"]
[Source "ChessBase"]
[SourceQuality "1"]

1. d4 Nf6 2. Nf3 g6 3. c4 Bg7 4. g3 O-O 5. Bg2 d6 6. O-O Nbd7 7. Nc3 e5 8. e4 exd4 9. Nxd4 Nc5 10. f3 a6 11. Be3 Bd7 12. Qc2 Rb8 13. Rad1 b5 14. e5 Ne8 15. exd6 Nxd6 16. cxb5 axb5 17. b3 Re8 18. Bf2 Ne6 19. Nce2 Qc8 20. Nc6 Ra8 21. f4 Nd8 22. Nxd8 Qxd8 23. Nd4 Bg4 24. Rd2 Qc8 25. Rc1 Nf5 26. Nxb5 Re7 27. h3 Bxh3 28. Bxh3 Qb7 29. Bg2 Qxb5 30. Bxa8 h5 31. Bc6 Qa5 32. Re2 Qa3 33. Rxe7 Qxe7 34. Re1 Qb4 35. Qc4 Qd2 36. Re8+ Kh7 37. Re2 Qd6 38. Qd5 Qf6 39. a4 Qc3 40. Kg2 h4 41. gxh4 1-0

[Event "EWICC 2019"]
[Site "Antalya"]
[Date "2019.04.15"]
[Round "5.22"]
[White "Melia, Salome"]
[Black "Mamedjarova, Turkan"]
[Result "1/2-1/2"]
[WhiteElo "2393"]
[BlackElo "2256"]
[Annotator "NA"]
[PlyCount "81"]
[EventDate "2019.04.11"]
[EventType "swiss"]
[EventCountry "TUR"]
[SourceTitle "playchess.com"]
[Source "ChessBase"]
[SourceQuality "1"]

1. e4 e5 2. Nf3 Nc6 3. Bc4 Bc5 4. c3 Nf6 5. d4 exd4 6. e5 d5 7. Bb5 Ne4 8. cxd4 Bb4+ 9. Bd2 Bxd2+ 10. Nbxd2 O-O 11. O-O Ne7 12. Bd3 Nxd2 13. Qxd2 h6 14. Rac1 a5 15. Rc3 c6 16. Re1 Be6 17. Bb1 Qd7 18. Nh4 Nf5 19. Nxf5 Bxf5 20. Bxf5 Qxf5 21. Ra3 b6 22. Rc1 Rac8 23. Rac3 c5 24. dxc5 bxc5 25. f4 c4 26. Qxd5 Qxf4 27. Rf1 Qg4 28. h3 Qh4 29. b3 Qd8 30. Qxd8 Rfxd8 31. Rxc4 Rxc4 32. bxc4 Rd2 33. Rc1 Rxa2 34. c5 Rb2 35. c6 Rb8 36. Kf2 a4 37. Ke3 a3 38. Kd4 a2 39. Ra1 Rb2 40. c7 Rc2 41. Rxa2 1/2-1/2

[Event "EWICC 2019"]
[Site "Antalya"]
[Date "2019.04.15"]
[Round "5.23"]
[White "Majdan, Joanna"]
[Black "Abdulla, Khayala"]
[Result "1/2-1/2"]
[WhiteElo "2377"]
[BlackElo "2228"]
[Annotator "NA"]
[PlyCount "148"]
[EventDate "2019.04.11"]
[EventType "swiss"]
[EventCountry "TUR"]
[SourceTitle "playchess.com"]
[Source "ChessBase"]
[SourceQuality "1"]

1. e4 c6 2. d4 d5 3. Nc3 dxe4 4. Nxe4 Nf6 5. Nxf6+ exf6 6. c3 Bd6 7. Bd3 O-O 8. Qc2 h6 9. Ne2 Qc7 10. h3 Re8 11. O-O Nd7 12. c4 c5 13. Be3 a6 14. Nc3 cxd4 15. Nd5 Qc6 16. Bxd4 Ne5 17. Bh7+ Kh8 18. Rfe1 Be6 19. Nb6 g6 20. Bxg6 Nxg6 21. Nxa8 Be5 22. Bxe5 fxe5 23. Qe4 Qxe4 24. Rxe4 Rxa8 25. Rd1 Rg8 26. Rd6 Nf4 27. g3 Nxh3+ 28. Kf1 Ng5 29. Rxe5 Bxc4+ 30. Kg2 Ne6 31. Rd7 Nf4+ 32. Kf3 Ng6 33. Rh5 Re8 34. Kg2 Kg7 35. Rxb7 Ne5 36. Rb6 Bd5+ 37. Kh3 Bf3 38. Rh4 Ng6 39. Rd4 h5 40. Rd3 Bg4+ 41. Kg2 h4 42. Re3 h3+ 43. Kh2 Rd8 44. Rb4 Be6 45. g4 Rd2 46. Kxh3 Rxf2 47. Kg3 Rd2 48. Ra3 Rd6 49. Ra5 Bd7 50. g5 Nf8 51. Re4 Ne6 52. Ree5 Kg6 53. Red5 Rxd5 54. Rxd5 Bb5 55. Kh4 Bc4 56. Rd6 Kf5 57. b3 Be2 58. Rd7 Kg6 59. Rd5 Bf3 60. Rd6 Be2 61. a4 Kf5 62. Rd7 Kg6 63. Rd5 Bf3 64. Rd6 Be2 65. b4 Kf5 66. Rd5+ Kf4 67. b5 axb5 68. axb5 Bc4 69. Rd7 Bxb5 70. Rxf7+ Ke5 71. Rf2 Bd3 72. Kg4 Ng7 73. Rf7 Be2+ 74. Kg3 Nf5+ 1/2-1/2

[Event "EWICC 2019"]
[Site "Antalya"]
[Date "2019.04.15"]
[Round "5.24"]
[White "Ovod, Evgenija"]
[Black "Paramzina, Anastasya"]
[Result "0-1"]
[WhiteElo "2367"]
[BlackElo "2214"]
[Annotator "NA"]
[PlyCount "156"]
[EventDate "2019.04.11"]
[EventType "swiss"]
[EventCountry "TUR"]
[SourceTitle "playchess.com"]
[Source "ChessBase"]
[SourceQuality "1"]

1. d4 Nf6 2. Bg5 e6 3. e4 h6 4. Bxf6 Qxf6 5. Nc3 Bb4 6. Qd2 d6 7. Bd3 c6 8. Nge2 e5 9. Qe3 O-O 10. O-O Nd7 11. Kh1 Ba5 12. Rad1 Bb6 13. Bc4 exd4 14. Nxd4 Ne5 15. Be2 Ng4 16. Bxg4 Bxg4 17. f3 Bh5 18. Nce2 Bg6 19. Qb3 Rfe8 20. c3 Rad8 21. a4 d5 22. a5 Bxa5 23. Qxb7 dxe4 24. Qxa7 Ra8 25. Qc5 exf3 26. Rxf3 Qe5 27. Qxe5 Rxe5 28. Ng3 Rc8 29. h4 h5 30. Kh2 Bc7 31. Kh3 c5 32. Ndf5 Rd8 33. Rxd8+ Bxd8 34. Re3 Rd5 35. Re8+ Kh7 36. Ne3 Rd3 37. Nc4 Bf5+ 38. Kh2 Bc7 39. Re3 Rxe3 40. Nxe3 Be6 41. Nef1 c4 42. Kg1 Bb6+ 43. Kh2 Kg6 44. Ne2 Kf5 45. Nd2 Kg4 46. Nf3 Bc5 47. Ne5+ Kf5 48. Nf3 Bf2 49. Ng3+ Kg4 50. Ne2 Bxh4 51. Ne5+ Kf5 52. Nf3 Bf2 53. Ng3+ Kg4 54. Ne4 Be3 55. Kh1 Bd5 56. Ned2 Bxd2 57. Nxd2 Kg3 58. Kg1 g5 59. Nf1+ Kf4 60. Kf2 h4 61. Nd2 g4 62. b3 h3 63. g3+ Kg5 64. Kg1 cxb3 65. c4 Be6 66. Nxb3 Bxc4 67. Nd2 Bd3 68. Nb3 f5 69. Nd4 Bc4 70. Nc6 Bd5 71. Nd4 Bc4 72. Nc6 Kf6 73. Nd4 f4 74. Kh2 f3 75. Nc2 f2 76. Ne3 f1=N+ 77. Nxf1 Bxf1 78. Kg1 Bc4 0-1

[Event "EWICC 2019"]
[Site "Antalya"]
[Date "2019.04.15"]
[Round "5.25"]
[White "Caglar, Sila"]
[Black "Narva, Mai"]
[Result "1-0"]
[WhiteElo "2140"]
[BlackElo "2365"]
[Annotator "NA"]
[PlyCount "113"]
[EventDate "2019.04.11"]
[EventType "swiss"]
[EventCountry "TUR"]
[SourceTitle "playchess.com"]
[Source "ChessBase"]
[SourceQuality "1"]

1. e4 c5 2. Nc3 Nc6 3. Bb5 Nd4 4. Nf3 Nxb5 5. Nxb5 d6 6. d4 Bd7 7. Nc3 cxd4 8. Qxd4 e5 9. Qd3 h6 10. O-O Nf6 11. Nd2 Be7 12. Nc4 Bc6 13. Ne3 Qd7 14. a4 O-O 15. Nf5 Kh8 16. Qh3 Nh7 17. Rd1 Rfd8 18. Rd3 Bf8 19. Bd2 Nf6 20. Qh4 Nh7 21. Rd1 Qe6 22. Bc1 Rac8 23. g4 Kg8 24. g5 Be7 25. Rg3 Rd7 26. Nxe7+ Qxe7 27. Qh5 Qe6 28. gxh6 g6 29. Qf3 Nf6 30. Nd5 Nh7 31. b3 Kh8 32. c4 f5 33. exf5 gxf5 34. Qh5 Rg8 35. Bb2 Rdd8 36. Nf4 Rxg3+ 37. hxg3 Qf6 38. Ng6+ Kg8 39. Nh4 Rf8 40. Ba3 Be8 41. Qe2 f4 42. Qg4+ Qg5 43. Qxg5+ Nxg5 44. Rxd6 fxg3 45. fxg3 Kh7 46. Rd5 Nf3+ 47. Kf2 Rf7 48. Nxf3 e4 49. Re5 Rxf3+ 50. Ke2 Bf7 51. Bc1 Rxb3 52. Re7 Rf3 53. Bf4 Kg6 54. h7 Bxc4+ 55. Kd2 e3+ 56. Bxe3 Rf8 57. Bd4 1-0

[Event "EWICC 2019"]
[Site "Antalya"]
[Date "2019.04.15"]
[Round "5.26"]
[White "Zhukova, Natalia"]
[Black "Janzelj, Lara"]
[Result "1-0"]
[WhiteElo "2356"]
[BlackElo "2182"]
[Annotator "NA"]
[PlyCount "97"]
[EventDate "2019.04.11"]
[EventType "swiss"]
[EventCountry "TUR"]
[SourceTitle "playchess.com"]
[Source "ChessBase"]
[SourceQuality "1"]

1. c4 c6 2. Nf3 d5 3. e3 Nf6 4. Nc3 a6 5. Be2 g6 6. O-O Bg7 7. d4 O-O 8. a4 a5 9. Qb3 e6 10. Ne5 Nfd7 11. f4 Nxe5 12. fxe5 b6 13. cxd5 exd5 14. e4 dxe4 15. Be3 Bf5 16. g4 Be6 17. Qc2 f5 18. exf6 Bxf6 19. Nxe4 Bxd4 20. Rxf8+ Kxf8 21. Qd2 Bxe3+ 22. Qxe3 Ra7 23. Qc3 Rf7 24. Rd1 Bd5 25. Qh8+ Ke7 26. Qe5+ Kf8 27. Qh8+ Ke7 28. Qe5+ Kf8 29. Ng5 Qe8 30. Qh8+ Ke7 31. Nxf7 Bxf7 32. Qe5+ Kf8 33. Qh8+ Ke7 34. Qxh7 Qg8 35. Qh4+ g5 36. Qg3 Bd5 37. Qe5+ Kd7 38. Bf3 Qe6 39. Qxg5 Kc7 40. Bxd5 cxd5 41. Kf2 Nd7 42. Qxd5 Qf6+ 43. Kg3 Nc5 44. Rd4 Qe7 45. Rf4 Qe1+ 46. Kh3 Qe3+ 47. Rf3 Qh6+ 48. Kg2 Kb8 49. Rf7 1-0

[Event "EWICC 2019"]
[Site "Antalya"]
[Date "2019.04.15"]
[Round "5.27"]
[White "Garifullina, Leya"]
[Black "Cornette, Deimante"]
[Result "1-0"]
[WhiteElo "2085"]
[BlackElo "2464"]
[Annotator "ChessBase"]
[PlyCount "85"]
[EventDate "2019.04.11"]
[EventType "swiss"]
[EventCountry "TUR"]
[SourceTitle "playchess.com"]
[Source "ChessBase"]
[SourceQuality "1"]

1. e4 c5 2. Nf3 Nc6 3. Bb5 g6 4. Bxc6 dxc6 5. d3 Bg7 6. h3 Nf6 7. Nc3 Nd7 8. Be3 e5 9. Qd2 h6 10. O-O b6 11. Nh2 Nf8 12. f4 exf4 13. Rxf4 Be6 14. Rf2 g5 15. Raf1 Qc7 16. Ne2 O-O-O 17. a3 Nd7 18. b4 Qd6 19. Nf3 Rhe8 20. bxc5 Nxc5 21. Nfd4 Be5 22. Qc1 Bh8 23. Nf5 Qf8 24. Neg3 Rd7 25. Qe1 Kb8 26. Qb4 Be5 27. Ne2 Bd6 28. Qc3 Kb7 29. Nxd6+ Qxd6 30. Qf6 Qf8 31. Nd4 Qh8 32. Nxe6 fxe6 33. Bxc5 bxc5 34. Qg6 Qg8 35. Qxg8 Rxg8 36. Rf6 c4 37. dxc4 g4 38. hxg4 Rxg4 39. Rxe6 h5 40. c5 h4 41. Kh1 Rd2 42. Rf7+ Ka6 43. c4 1-0

[Event "EWICC 2019"]
[Site "Antalya"]
[Date "2019.04.15"]
[Round "5.28"]
[White "Socko, Monika"]
[Black "Mamedjarova, Zeinab"]
[Result "1-0"]
[WhiteElo "2447"]
[BlackElo "2280"]
[Annotator "NA"]
[PlyCount "71"]
[EventDate "2019.04.11"]
[EventType "swiss"]
[EventCountry "TUR"]
[SourceTitle "playchess.com"]
[Source "ChessBase"]
[SourceQuality "1"]

1. d4 f5 2. Nf3 Nf6 3. c4 g6 4. g3 Bg7 5. Bg2 O-O 6. Nc3 d6 7. O-O Qe8 8. Nd5 Nxd5 9. cxd5 c6 10. Ng5 h6 11. Qb3 Kh8 12. Ne6 Bxe6 13. dxe6 Qc8 14. d5 a5 15. Be3 a4 16. Qb4 cxd5 17. Bxd5 Nc6 18. Qh4 Kh7 19. Rac1 Qe8 20. Rc4 Ra5 21. Rd1 h5 22. Rxa4 Bf6 23. Qf4 Rb5 24. b3 Bg7 25. Qc4 Ne5 26. Qc7 Qd8 27. Qxd8 Rxd8 28. Ra7 Rb8 29. a4 Rb4 30. Bg5 Bf8 31. Rc1 Rd4 32. Rxb7 Re8 33. Bg2 Bh6 34. Bxh6 Kxh6 35. h3 Kg7 36. f4 1-0

[Event "EWICC 2019"]
[Site "Antalya"]
[Date "2019.04.15"]
[Round "5.29"]
[White "Heinemann, Josefine"]
[Black "Bulmaga, Irina"]
[Result "0-1"]
[WhiteElo "2257"]
[BlackElo "2438"]
[Annotator "NA"]
[PlyCount "102"]
[EventDate "2019.04.11"]
[EventType "swiss"]
[EventCountry "TUR"]
[SourceTitle "playchess.com"]
[Source "ChessBase"]
[SourceQuality "1"]

1. e4 c5 2. Nf3 d6 3. d4 cxd4 4. Nxd4 Nf6 5. Nc3 a6 6. f3 e5 7. Nb3 Be6 8. Be3 Nbd7 9. g4 h6 10. Qd2 b5 11. O-O-O Qc7 12. Kb1 Nb6 13. Bxb6 Qxb6 14. Nd5 Nxd5 15. exd5 Bd7 16. Na5 Be7 17. h4 Rc8 18. Bd3 b4 19. Nc4 Qb7 20. Ne3 a5 21. Bf5 g6 22. Bxd7+ Qxd7 23. h5 Bg5 24. hxg6 fxg6 25. Qd3 Kf7 26. Nc4 Qc7 27. Nd2 Bf4 28. Ne4 Kg7 29. Rhg1 Rhd8 30. Rg2 Qb6 31. a4 bxa3 32. Qxa3 Rc4 33. Rd3 Rb4 34. Rb3 Kf7 35. Rxb4 axb4 36. Qa4 Ke7 37. Re2 Rd7 38. c4 Qg1+ 39. Kc2 Qf1 40. Rf2 Qxc4+ 41. Kb1 Rc7 42. Qc2 b3 43. Qxc4 Rxc4 44. Rf1 Rc2 45. Nc3 h5 46. gxh5 gxh5 47. Na2 h4 48. Nb4 Rd2 49. Nc6+ Kf6 50. Na5 h3 51. Nxb3 Rg2 0-1

[Event "EWICC 2019"]
[Site "Antalya"]
[Date "2019.04.15"]
[Round "5.30"]
[White "Gevorgyan, Maria"]
[Black "Hoang, Thanh Trang"]
[Result "0-1"]
[WhiteElo "2256"]
[BlackElo "2435"]
[Annotator "NA"]
[PlyCount "82"]
[EventDate "2019.04.11"]
[EventType "swiss"]
[EventCountry "TUR"]
[SourceTitle "playchess.com"]
[Source "ChessBase"]
[SourceQuality "1"]

1. e4 e6 2. d4 d5 3. Bd3 dxe4 4. Bxe4 Nf6 5. Bf3 c5 6. Ne2 Nc6 7. Be3 cxd4 8. Nxd4 Ne5 9. Nc3 a6 10. Qe2 Nxf3+ 11. Qxf3 e5 12. Nb3 Bb4 13. O-O Bxc3 14. bxc3 O-O 15. Rad1 Qc7 16. Bg5 Ne8 17. Bd8 Bg4 18. Qxg4 Rxd8 19. Rxd8 Qxd8 20. Nc5 Nf6 21. Qb4 Qc7 22. c4 Rc8 23. Na4 h6 24. h3 a5 25. Qb5 Qxc4 26. Qxb7 Qxc2 27. Nb6 Rd8 28. Qe7 Rd1 29. Rxd1 Qxd1+ 30. Kh2 Qd4 31. Na8 e4 32. Kg1 Qa1+ 33. Kh2 Qxa2 34. Qc5 Qd5 35. Qc8+ Kh7 36. g3 a4 37. Qa6 Qc5 38. Kg2 a3 39. Nb6 Qc6 40. Qa7 e3+ 41. Kf1 Qc1+ 0-1

[Event "EWICC 2019"]
[Site "Antalya"]
[Date "2019.04.15"]
[Round "5.31"]
[White "Zawadzka, Jolanta"]
[Black "Sedina, Elena"]
[Result "1-0"]
[WhiteElo "2418"]
[BlackElo "2271"]
[Annotator "NA"]
[PlyCount "79"]
[EventDate "2019.04.11"]
[EventType "swiss"]
[EventCountry "TUR"]
[SourceTitle "playchess.com"]
[Source "ChessBase"]
[SourceQuality "1"]

1. e4 e6 2. d4 d5 3. Nc3 Bb4 4. e5 c5 5. Bd2 Ne7 6. Nb5 Bxd2+ 7. Qxd2 O-O 8. c3 Nbc6 9. f4 a6 10. Nd6 cxd4 11. cxd4 f6 12. Nf3 Qb6 13. Bd3 Bd7 14. Rc1 Nc8 15. Nxc8 Raxc8 16. exf6 Rxf6 17. g3 Rff8 18. Rc3 h6 19. Bb1 Ne7 20. Rb3 Qc7 21. O-O Nf5 22. Re1 Ba4 23. Ra3 Bb5 24. Rc3 Qb6 25. g4 Rxc3 26. bxc3 Ne7 27. Qe3 Qd6 28. f5 Rf6 29. fxe6 Qf4 30. Qxf4 Rxf4 31. Ne5 g6 32. h3 Kg7 33. Kg2 g5 34. Bc2 Rf8 35. a4 Be8 36. Nd7 Rf4 37. Rb1 Ng6 38. Bxg6 Kxg6 39. Rxb7 Re4 40. Rb8 1-0

[Event "EWICC 2019"]
[Site "Antalya"]
[Date "2019.04.15"]
[Round "5.32"]
[White "Chernyak, Viktoria"]
[Black "Rapport, Jovana"]
[Result "1/2-1/2"]
[WhiteElo "2252"]
[BlackElo "2385"]
[Annotator "NA"]
[PlyCount "102"]
[EventDate "2019.04.11"]
[EventType "swiss"]
[EventCountry "TUR"]
[SourceTitle "playchess.com"]
[Source "ChessBase"]
[SourceQuality "1"]

1. Nf3 Nf6 2. c4 b6 3. e3 Bb7 4. Be2 e6 5. b3 Be7 6. Bb2 O-O 7. O-O c5 8. Nc3 d5 9. cxd5 Nxd5 10. d4 Bf6 11. Rc1 Nxc3 12. Bxc3 Nd7 13. Qd2 Qe7 14. Rfd1 Rfd8 15. dxc5 Nxc5 16. Bxf6 Qxf6 17. Qc3 Rxd1+ 18. Bxd1 Qxc3 19. Rxc3 Rd8 20. Be2 a5 21. Rc2 g6 22. h4 Kg7 23. Ne5 Be4 24. Rb2 Bd5 25. Rc2 Kf6 26. Nc4 Nd7 27. Na3 Nc5 28. f3 e5 29. Rd2 Ke7 30. Bc4 Bxc4 31. Rxd8 Kxd8 32. Nxc4 Nd7 33. e4 Kc7 34. Kf2 Kc6 35. Ke3 f6 36. Kd2 Kc5 37. Kc3 Nb8 38. Ne3 b5 39. Nd5 b4+ 40. Kd3 Nd7 41. Ke3 f5 42. Kd3 f4 43. Nc7 Kc6 44. Nd5 Nb6 45. Nf6 h5 46. Nh7 Nd7 47. Kc4 Nb6+ 48. Kd3 Nd7 49. Kc4 Nb6+ 50. Kd3 Nd7 51. Kc4 Nb6+ 1/2-1/2

[Event "EWICC 2019"]
[Site "Antalya"]
[Date "2019.04.15"]
[Round "5.33"]
[White "Badelka, Olga"]
[Black "Rakhmangulova, Anastasiya"]
[Result "1-0"]
[WhiteElo "2381"]
[BlackElo "2255"]
[Annotator "NA"]
[PlyCount "74"]
[EventDate "2019.04.11"]
[EventType "swiss"]
[EventCountry "TUR"]
[SourceTitle "playchess.com"]
[Source "ChessBase"]
[SourceQuality "1"]

1. d4 d5 2. Nf3 Nf6 3. e3 e6 4. Bd3 Bd6 5. O-O Nbd7 6. Nbd2 O-O 7. c4 c6 8. Qc2 h6 9. e4 dxe4 10. Nxe4 Nxe4 11. Bxe4 Nf6 12. Rd1 Qc7 13. c5 Bf4 14. g3 Bxc1 15. Raxc1 Bd7 16. Ne5 Rfd8 17. Qe2 Be8 18. Rc3 Nd5 19. Rb3 b5 20. Bb1 f6 21. Ng4 Bf7 22. Qc2 f5 23. Ne5 Nf6 24. Re3 Re8 25. h3 Rad8 26. a3 g6 27. Qe2 Kg7 28. Rf3 g5 29. g4 f4 30. h4 Bg8 31. Rh3 Rd5 32. hxg5 hxg5 33. Qc2 Bf7 34. Rh7+ Nxh7 35. Qxh7+ Kf6 36. Bg6 Rxd4 37. Rxd4 Kxe5 1-0

[Event "EWICC 2019"]
[Site "Antalya"]
[Date "2019.04.15"]
[Round "5.34"]
[White "Zimina, Olga"]
[Black "Petrenko, Svetlana"]
[Result "1/2-1/2"]
[WhiteElo "2377"]
[BlackElo "2155"]
[Annotator "TA"]
[PlyCount "59"]
[EventDate "2019.04.11"]
[EventType "swiss"]
[EventCountry "TUR"]
[SourceTitle "playchess.com"]
[Source "ChessBase"]
[SourceQuality "1"]

1. d4 d5 2. c4 e6 3. g3 Nf6 4. Bg2 b6 5. cxd5 exd5 6. Nf3 Be7 7. O-O O-O 8. Ne5 Bb7 9. Nc3 Ne4 10. Qc2 f5 11. Qb3 Kh8 12. f3 Nxc3 13. bxc3 Nd7 14. Bf4 Nxe5 15. Bxe5 Ba6 16. Rf2 Bc4 17. Qc2 Bd6 18. f4 Qd7 19. Bh3 Rf7 20. Raf1 Raf8 21. Kh1 Qe6 22. Rg1 Qh6 23. Bg2 Bxe5 24. dxe5 g5 25. e3 g4 26. Rd2 c6 27. Qb2 Qe6 28. h4 Qe7 29. Rd4 Qc5 30. Rgd1 1/2-1/2

[Event "EWICC 2019"]
[Site "Antalya"]
[Date "2019.04.15"]
[Round "5.35"]
[White "Gajcin, Marina"]
[Black "Matnadze, Ana"]
[Result "1/2-1/2"]
[WhiteElo "2247"]
[BlackElo "2367"]
[Annotator "NA"]
[PlyCount "84"]
[EventDate "2019.04.11"]
[EventType "swiss"]
[EventCountry "TUR"]
[SourceTitle "playchess.com"]
[Source "ChessBase"]
[SourceQuality "1"]

1. e4 c6 2. Nf3 d5 3. Nc3 dxe4 4. Nxe4 Nf6 5. Nxf6+ exf6 6. Bc4 Bd6 7. Qe2+ Qe7 8. Qxe7+ Kxe7 9. O-O Be6 10. Re1 Rd8 11. c3 Kd7 12. Be2 Kc7 13. d4 a5 14. c4 c5 15. Be3 Na6 16. Red1 b6 17. a3 g5 18. d5 Bg4 19. h3 Bf5 20. Bd3 Bxd3 21. Rxd3 Re8 22. Re1 Re4 23. b3 Rae8 24. Bd2 Rxe1+ 25. Bxe1 Nb8 26. Bc3 Nd7 27. Kf1 a4 28. bxa4 Ra8 29. a5 bxa5 30. Nd2 a4 31. Ne4 Be5 32. Bxe5+ Nxe5 33. Rc3 Nd7 34. Rf3 Rb8 35. Nc3 Rb2 36. Nxa4 Rc2 37. Rc3 Ra2 38. Rb3 Ra1+ 39. Ke2 Ra2+ 40. Ke1 Ra1+ 41. Ke2 Ra2+ 42. Ke1 Ra1+ 1/2-1/2

[Event "EWICC 2019"]
[Site "Antalya"]
[Date "2019.04.15"]
[Round "5.36"]
[White "Rodshtein, Tereza"]
[Black "Khukhashvili, Sopiko"]
[Result "0-1"]
[WhiteElo "2234"]
[BlackElo "2342"]
[Annotator "TA"]
[PlyCount "62"]
[EventDate "2019.04.11"]
[EventType "swiss"]
[EventCountry "TUR"]
[SourceTitle "playchess.com"]
[Source "ChessBase"]
[SourceQuality "1"]

1. Nf3 e6 2. g3 c5 3. Bg2 Nc6 4. O-O Nf6 5. d3 d5 6. Nbd2 Be7 7. e4 O-O 8. Re1 Qc7 9. e5 Nd7 10. Qe2 b5 11. Nf1 b4 12. h4 Ba6 13. Bf4 Qb6 14. Qe3 Rac8 15. h5 Rc7 16. h6 g6 17. N1h2 Rfc8 18. Bg5 c4 19. Qf4 cxd3 20. Bxe7 Nxe7 21. Ng5 Rf8 22. Ng4 Nf5 23. cxd3 Bxd3 24. Rad1 Rc4 25. Qf3 Bc2 26. Rd2 b3 27. Bf1 Qb4 28. Rxd5 Rxg4 29. Nxe6 fxe6 30. Rxd7 Rxg3+ 31. fxg3 Qxe1 0-1

[Event "EWICC 2019"]
[Site "Antalya"]
[Date "2019.04.15"]
[Round "5.37"]
[White "Toma, Katarzyna"]
[Black "Protopopova, Anastasiya"]
[Result "1/2-1/2"]
[WhiteElo "2211"]
[BlackElo "2308"]
[Annotator "NA"]
[PlyCount "70"]
[EventDate "2019.04.11"]
[EventType "swiss"]
[EventCountry "TUR"]
[SourceTitle "playchess.com"]
[Source "ChessBase"]
[SourceQuality "1"]

1. e4 c5 2. Nc3 d6 3. d4 cxd4 4. Qxd4 a6 5. b3 Nc6 6. Qd2 g6 7. Bb2 Bh6 8. f4 Nf6 9. g3 O-O 10. Bg2 e5 11. Nge2 Qb6 12. O-O-O Bg4 13. Rhf1 Rfd8 14. Kb1 a5 15. h3 Bxe2 16. Qxe2 Nh5 17. Qe1 a4 18. Nd5 Qa7 19. a3 axb3 20. cxb3 exf4 21. gxf4 Bg7 22. e5 dxe5 23. fxe5 Qc5 24. Rc1 Qb5 25. Nc7 Qd3+ 26. Ka2 Rac8 27. Be4 Qd2 28. Bxc6 Rxc7 29. Bb5 Rxc1 30. Qxc1 Bxe5 31. Bc4 Nf4 32. Kb1 Qxb2+ 33. Qxb2 Bxb2 34. Rxf4 Bxa3 35. Rxf7 Kh8 1/2-1/2

[Event "EWICC 2019"]
[Site "Antalya"]
[Date "2019.04.15"]
[Round "5.38"]
[White "Ghukasyan, Siranush"]
[Black "Tomilova, Elena"]
[Result "1-0"]
[WhiteElo "2201"]
[BlackElo "2307"]
[Annotator "NA RC"]
[PlyCount "53"]
[EventDate "2019.04.11"]
[EventType "swiss"]
[EventCountry "TUR"]
[SourceTitle "playchess.com"]
[Source "ChessBase"]
[SourceQuality "1"]

1. e4 e6 2. d4 d5 3. Nc3 Bb4 4. a3 Bxc3+ 5. bxc3 dxe4 6. Qg4 Nf6 7. Qxg7 Rg8 8. Qh6 Nbd7 9. Ne2 b6 10. Ng3 Bb7 11. Be2 c5 12. O-O Rg6 13. Qf4 Qb8 14. Qh4 Qc7 15. Bf4 Qc6 16. a4 a6 17. a5 b5 18. Rad1 cxd4 19. cxd4 Qxc2 20. Rc1 Qa2 21. Rc7 Qd5 22. Rfc1 Rd8 23. Be3 Rb8 24. Nh5 Qa2 25. Nxf6+ Nxf6 26. Bh5 Nd5 27. Rxb7 1-0

[Event "EWICC 2019"]
[Site "Antalya"]
[Date "2019.04.15"]
[Round "5.39"]
[White "Radeva, Viktoria"]
[Black "Osmanodja, Filiz"]
[Result "1/2-1/2"]
[WhiteElo "2192"]
[BlackElo "2292"]
[Annotator "NA"]
[PlyCount "98"]
[EventDate "2019.04.11"]
[EventType "swiss"]
[EventCountry "TUR"]
[SourceTitle "playchess.com"]
[Source "ChessBase"]
[SourceQuality "1"]

1. e4 c5 2. Nf3 d6 3. c3 Nf6 4. h3 Nbd7 5. Bd3 g6 6. O-O Bg7 7. Bc2 O-O 8. d4 e5 9. dxe5 Nxe5 10. Nxe5 dxe5 11. Bg5 Qb6 12. b3 Qc6 13. Bxf6 Qxf6 14. c4 Qg5 15. Qc1 Qh4 16. Nc3 f5 17. Qd2 Be6 18. Qe2 Rad8 19. Nd5 Rd7 20. Rad1 f4 21. f3 Qd8 22. Nc3 g5 23. Rxd7 Qxd7 24. Qd3 Qd4+ 25. Kh2 h5 26. Nb5 Qxd3 27. Bxd3 g4 28. hxg4 hxg4 29. Be2 Rd8 30. Rd1 Rxd1 31. Bxd1 g3+ 32. Kg1 a6 33. Nc7 Bd7 34. Be2 Bf6 35. Kf1 Bd8 36. Nd5 b5 37. Ke1 Ba5+ 38. Kd1 Kf7 39. Kc2 Ke6 40. a3 Kd6 41. Bd3 Be1 42. Kd1 Bf2 43. Kc2 Bd4 44. Be2 Kc6 45. Bd3 Kd6 46. Be2 bxc4 47. Bxc4 a5 48. a4 Bh3 49. Bf1 Be6 1/2-1/2

[Event "EWICC 2019"]
[Site "Antalya"]
[Date "2019.04.15"]
[Round "5.40"]
[White "Babiy, Olga"]
[Black "Motycakova, Monika"]
[Result "1-0"]
[WhiteElo "2289"]
[BlackElo "2174"]
[Annotator "NA"]
[PlyCount "69"]
[EventDate "2019.04.11"]
[EventType "swiss"]
[EventCountry "TUR"]
[SourceTitle "playchess.com"]
[Source "ChessBase"]
[SourceQuality "1"]

1. e4 e5 2. Nf3 Nc6 3. Bb5 a6 4. Ba4 Nf6 5. O-O Be7 6. Re1 b5 7. Bb3 d6 8. c3 O-O 9. h3 Nb8 10. d4 Nbd7 11. Nbd2 Bb7 12. Bc2 Re8 13. Nf1 Bf8 14. Ng3 g6 15. a4 c5 16. d5 c4 17. Bg5 h6 18. Be3 Qc7 19. Qd2 h5 20. Rf1 Nc5 21. Bh6 Be7 22. Ng5 Nh7 23. f4 f6 24. Nf3 Bd8 25. f5 g5 26. Nxh5 Qf7 27. g4 Be7 28. h4 gxh4 29. Nxh4 Bf8 30. Be3 Nd7 31. Ng6 Be7 32. Rf2 Bd8 33. a5 Ndf8 34. Nh4 Rc8 35. Nf3 1-0